01138nab a22002537a 4500999001500000003000400015005001700019008004100036040000700077100003600084245014000120260007300260300001300333500004500346505007600391505008900467650004200556650002900598650003700627650003300664650002700697773014700724942001300871 c5480d5480OSt20251204092049.0190604e xxu||||| |||| 00| 0 spa d cPJ 96478aVarela, Natalia del Pilar10aModificación al anexo del decreto reglamentario de la ley 26.682 respecto a aumento de cuotas de prepaga /cNatalia del Pilar Varela. aCiudad Autónoma de Buenos Aires :bThomson Reuters La Ley, c2025. ap. 29-31 aCita Online: TR LALEY AR/DOC/1791/2025.  aSumario: I. Introducción.— II. La ley 27.785.— III. Conclusiones. t¿Te interesa el texto completo? Solicitalo al correo: koha@justierradelfuego.gov.ar 09200aDECRETOS DE NECESIDAD Y URGENCIA 091253aDERECHO A LA SALUD 093407aDERECHO A LA INFORMACIÓN 092597aDEFENSA DEL CONSUMIDOR 093273aMEDICINA PREPAGA0 0271493171dCiudad Autónoma de Buenos Aires : Thomson Reuters La Ley, 2014-tRevista anales de legislación argentina. Nº 8 - Agosto 2025. 2udccANA